Normal view
MARC view
Entry Personal Name
001 - CONTROL NUMBER
- control field: 13013
003 - CONTROL NUMBER IDENTIFIER
- control field: OSt
005 - DATE AND TIME OF LATEST TRANSACTION
- control field: 20191030093036.0
008 - FIXED-LENGTH DATA ELEMENTS
- fixed length control field: 191030|| aca||aabn | a|a d
040 ## - CATALOGING SOURCE
- Original cataloging agency: OSt
- Transcribing agency: OSt
100 ## - HEADING--PERSONAL NAME
- Personal name: Hope, Tony; Savulescue, Julian; Hendrick, Judith
670 ## - SOURCE DATA FOUND
- Source citation: Work cat.: (OSt): Hope, Tony; Savulescue, Julian; Hendrick, Judith, Medical Ethics and Law: the core curriculum, 2008
